00981nac a22003017a 4500001001300000003000900013005001700022008003400039040005400073072001300127100001500140100002200155100001900177100002200196100001900218100002300237100002100260110004600281245013700327260003800464300001000502490006900512500003400581650000900615650002100624650001700645650001700662BR2011006009BR-BrBNA20240105123919.0230509b bl.|||m| |||| 00| 0 por d aBR-BrBNAbporcBiblioteca Nacional de Agricultura aF04; T011 aMarchi, G.1 aGuilherme, L.R.G.1 aSilva, A.B. da1 aGonçalves, V.C.1 aPinho, P.J. de1 aPierangeli, M.A.P.1 aSilva, O.D.D. da1 aEMBRAPA Cerrados, Planaltina, DF (Brasil)1 aEtrace Express: programa para análise de risco de elementos-traço em fertilizantes inorgânicos - manual e guia de referência3 aPlanaltina, DF (Brasil): c2010.  a31 p. aDocumentos - EMBRAPA Cerrados (Brazil)vno. 290 xISSN 1517-5111 aSummaries (En, Pt); 16 tables aSOLO aCONTAMINAÇÃO aMETAL PESADO aFERTILIZANTE